Influence de la formulation dans l'acquisition d'un concept mathématique

-д хадгалсан:
Номзүйн дэлгэрэнгүй
Формат: Ном
Хэл сонгох:франц
Хэвлэсэн: Reims Institut de Recherche sur l'Enseignement des Mathématiques 1990
Нөхцлүүд:
Шошгууд: Шошго нэмэх
Шошго байхгүй, Энэхүү баримтыг шошголох эхний хүн болох!

MARC

LEADER 00000nam a2200000 a 4500
001 UCW1747
003 CL-VaPUC
008 930513e19900000FR |||||||||||||||||fre|d
082 0 4 |a 510.7  |b INF  |2 21 
245 1 0 |a Influence de la formulation dans l'acquisition d'un concept mathématique 
300 |a 50 p 
942 |c BK 
945 |d 19930513 00:00:00 
260 |a Reims  |b Institut de Recherche sur l'Enseignement des Mathématiques  |c 1990 
650 0 |a Matemática  |9 260235 
583 |a last modification  |c 20140821 04:34:02  |k Rodrigo Vera 
999 |c 216585  |d 216583 
952 |0 0  |1 0  |4 0  |6 510_700000000000000_INF_1990  |7 0  |8 A  |9 202413  |a BIBMAT  |b BIBMAT  |c E_DIDACT  |d 2019-11-14  |i 2695170  |o 510.7 INF 1990  |p 2695170  |r 2025-01-07  |w 2019-11-14  |y BK  |k MAT